Anatomy Made Easy : (Record no. 67)
[ view plain ]
| 000 -LEADER | |
|---|---|
| Fixed length control field | 00576nam a2200205Ia 4500 |
| 003 - CONTROL NUMBER IDENTIFIER | |
| Control field | IIN |
| 005 - DATE AND TIME OF LATEST TRANSACTION | |
| Control field | 20240202114201.0 |
| 008 - FIXED-LENGTH DATA ELEMENTS--GENERAL INFORMATION | |
| Fixed length control field | 231217s9999 xx 000 0 und d |
| 020 ## - INTERNATIONAL STANDARD BOOK NUMBER / ISBN | |
| Price | Rs.225.00 |
| International Standard Book Number | 9788172253257 |
| 040 ## - CATALOGING SOURCE | |
| Original cataloging agency | IIN |
| Language of cataloging | English |
| 082 ## - DEWEY DECIMAL CLASSIFICATION NUMBER | |
| Classification number | 611 |
| Book Number | NIR |
| 100 1# - MAIN ENTRY--PERSONAL NAME | |
| Personal name | Nirvan, Ashok B |
| 245 1# - TITLE STATEMENT | |
| Title | Anatomy Made Easy : |
| Sub title | Short Questions & Answers |
| Statement of responsibility | Ashok B Nirvan , Jitendra P Patel and Ritesh K Shah |
| 260 ## - IMPRINT | |
| Name of publisher | BI |
| Place of publication | New Delhi |
| Date of publication | 2009 |
| 300 ## - PHYSICAL DESCRIPTION | |
| Page / Vol. No | 229 p. |
| 650 1# - SUBJECT ADDED ENTRY--TOPICAL TERM | |
| Topical term | Anatomy |
| 700 1# - ADDED ENTRY--PERSONAL NAME | |
| Personal name | Patel, Jitendra P |
| 700 1# - ADDED ENTRY--PERSONAL NAME | |
| Personal name | Shah, Ritesh K |
| 942 ## - ADDED ENTRY ELEMENTS (KOHA) | |
| Koha item type | Books |
| Withdrawn status | Lost status | Source of classification | Damaged status | Not for loan | Collection code | Home library | Current library | Date acquired | Price | Total Checkouts | Call number | Accession number | Date last seen | Price effective from | Koha item type |
|---|---|---|---|---|---|---|---|---|---|---|---|---|---|---|---|
| Dewey Decimal Classification | IDEAL INSTITUTE OF NURSING | IDEAL INSTITUTE OF NURSING | 17/12/2023 | 225.00 | 611 NIR | 62 | 17/12/2023 | 17/12/2023 | Books | ||||||
| Dewey Decimal Classification | IDEAL INSTITUTE OF NURSING | IDEAL INSTITUTE OF NURSING | 17/12/2023 | 225.00 | 611 NIR | 63 | 17/12/2023 | 17/12/2023 | Books | ||||||
| Dewey Decimal Classification | IDEAL INSTITUTE OF NURSING | IDEAL INSTITUTE OF NURSING | 17/12/2023 | 225.00 | 611 NIR | 64 | 17/12/2023 | 17/12/2023 | Books | ||||||
| Dewey Decimal Classification | IDEAL INSTITUTE OF NURSING | IDEAL INSTITUTE OF NURSING | 17/12/2023 | 225.00 | 611 NIR | 65 | 17/12/2023 | 17/12/2023 | Books | ||||||
| Dewey Decimal Classification | IDEAL INSTITUTE OF NURSING | IDEAL INSTITUTE OF NURSING | 17/12/2023 | 225.00 | 611 NIR | 66 | 17/12/2023 | 17/12/2023 | Books |
